| 000 | 00423nam a2200157 a 4500 | ||
|---|---|---|---|
| 001 | 80 | ||
| 003 | CDMR | ||
| 005 | 20130607131013.0 | ||
| 008 | 130130s ||||||||||||||||||||||||||||d | ||
| 040 |
_aCDMR _bcat _cCDMR |
||
| 100 | 1 |
_aPetrusenko, Vitaly _978 |
|
| 245 | 1 | 2 |
_aA dangerous game _b: CIA and mass media |
| 260 |
_aPraga _bInterpress |
||
| 650 | 0 | 4 |
_92807 _aMitjans de comunicació de massa _xAspectes polítics |
| 942 |
_cMON _2udc |
||
| 999 |
_c80 _d80 |
||